|
|
|
|
| LEADER |
01032nam a2200277 a 4500 |
| 001 |
7549 |
| 003 |
BD-DhAAL |
| 005 |
20150630103514.0 |
| 008 |
150630s2010 bg ab b 001 0 eng |
| 010 |
|
|
|a 2010317050
|
| 020 |
|
|
|a 984080197X
|
| 040 |
|
|
|a DLC
|c DLC
|d DLC
|d BD-DhAAL
|
| 050 |
0 |
0 |
|a DS394.7
|b .R365 2010
|
| 082 |
|
|
|a 327.5492
|
| 100 |
1 |
|
|a Rashid, Harun ur,
|d 1934-
|9 10596
|
| 245 |
1 |
0 |
|a Bangladesh foreign policy :
|b realities, priorities, and challenges /
|c Harun ur Rashid.
|
| 250 |
|
|
|a Rev. ed.
|
| 260 |
|
|
|a Dhaka :
|b Academic Press and Publishers Library,
|c 2010.
|
| 300 |
|
|
|a xv, 504 p. :
|b ill., maps ;
|c 22 cm.
|
| 504 |
|
|
|a Includes bibliographical references and index.
|
| 541 |
|
|
|e 7549
|
| 651 |
|
0 |
|a Bangladesh
|x Foreign relations.
|9 10597
|
| 651 |
|
0 |
|a Bangladesh
|x Politics and government
|y 1971-
|9 12659
|
| 942 |
|
|
|2 ddc
|c BK
|
| 999 |
|
|
|c 34890
|d 34890
|
| 952 |
|
|
|0 0
|1 0
|2 ddc
|4 0
|6 327_549200000000000_RAS
|7 0
|9 54610
|a SCL
|b SCL
|c GEN
|d 2015-06-30
|g 600.00
|l 1
|m 3
|o 327.5492 RAS
|p 3020007549
|r 2022-08-24
|s 2022-08-02
|t 1
|w 2015-06-30
|y BK
|